000 00719nam a2200289Ia 4500
005 20260324123513.0
008 008 260324s9999 xx 000 0 eng d
020 _a9781315569703
037 _aEBOOK
040 _aCRL
040 _beng
040 _cCRL
041 _2eng
041 _aeng
084 _qCRL
100 _aAylin Topal
_91170559
245 0 _aBoosting Competitiveness Through Decentralization
245 0 _bSubnational Comparison of Local Development in Mexico
260 _bTaylor and Francis
260 _c2012
365 _a
365 _b150
856 _uhttp://www.taylorfrancis.com/books/9781315569703
942 _cEBOOK
999 _c1764134
_d1764134